Directors of Best Picture Nominees - 2000s - Statistics

General Stats
  • This quiz has been taken 62 times
  • The average score is 35 of 50
Answer Stats
Year Film Director % Correct
2007 The Departed Martin Scorsese
100%
2005 The Aviator Martin Scorsese
100%
2003 Gangs of New York Martin Scorsese
100%
2005 Million Dollar Baby Clint Eastwood
98%
2004 The Lord of the Rings: The Return of the King Peter Jackson
98%
2007 Letters from Iwo Jima Clint Eastwood
98%
2004 Mystic River Clint Eastwood
98%
2003 The Lord of the Rings: The Two Towers Peter Jackson
98%
2002 The Lord of the Rings: The Fellowship of the Ring Peter Jackson
98%
2001 Crouching Tiger, Hidden Dragon Ang Lee
96%
2006 Brokeback Mountain Ang Lee
96%
2009 Slumdog Millionaire Danny Boyle
94%
2008 No Country for Old Men Joel Coen / Ethan Coen
94%
2001 Gladiator Ridley Scott
94%
2004 Lost in Translation Sofia Coppola
92%
2003 The Pianist Roman Polanski
91%
2000 American Beauty Sam Mendes
91%
2008 There Will Be Blood Paul Thomas Anderson
89%
2002 A Beautiful Mind Ron Howard
87%
2009 Frost/Nixon Ron Howard
87%
2001 Traffic Steven Soderbergh
85%
2001 Erin Brockovich Steven Soderbergh
85%
2006 Munich Steven Spielberg
83%
2000 The Green Mile Frank Darabont
79%
2009 The Curious Case of Benjamin Button David Fincher
77%
2006 Good Night, and Good Luck George Clooney
77%
2007 Babel Alejandro González Iñárritu
75%
2000 The Sixth Sense M. Night Shyamalan
68%
2009 Milk Gus Van Sant
62%
2000 The Insider Michael Mann
62%
2005 Sideways Alexander Payne
60%
2004 Master and Commander: The Far Side of the World Peter Weir
60%
2002 Moulin Rouge! Baz Luhrmann
58%
2002 Gosford Park Robert Altman
58%
2006 Crash Paul Haggis
57%
2003 Chicago Rob Marshall
55%
2008 Juno Jason Reitman
51%
2007 The Queen Stephen Frears
49%
2006 Capote Bennett Miller
47%
2009 The Reader Stephen Daldry
43%
2003 The Hours Stephen Daldry
43%
2002 In the Bedroom Todd Field
43%
2001 Chocolat Lasse Hallström
40%
2000 The Cider House Rules Lasse Hallström
40%
2008 Atonement Joe Wright
34%
2008 Michael Clayton Tony Gilroy
34%
2005 Ray Taylor Hackford
28%
2007 Little Miss Sunshine Jonathan Dayton / Valerie Faris
25%
2004 Seabiscuit Gary Ross
21%
2005 Finding Neverland Marc Forster
21%
No matching quizzes found
Score Distribution
Percent of People with Each Score
Percentile by Number Answered
Your Score History
You have not taken this quiz